Normal view
MARC view
- Concrete bridges
Entry Topical Term
001 - CONTROL NUMBER
- control field: 23287
003 - CONTROL NUMBER IDENTIFIER
- control field: NUST
005 - DATE AND TIME OF LATEST TRANSACTION
- control field: 20191008145648.0
008 - FIXED-LENGTH DATA ELEMENTS
- fixed length control field: 191008|| aca||aabn | a|a d
040 ## - CATALOGING SOURCE
- Original cataloging agency: NUST
- Transcribing agency: NUST
150 ## - HEADING--TOPICAL TERM
- Topical term or geographic name entry element: Concrete bridges
- General subdivision: Corrosion
- General subdivision: Prevention.
670 ## - SOURCE DATA FOUND
- Source citation: Work cat.: (NUST)0: Sohanghpurwala, Ali Akbar. 23286, Cathodic protection for life extension of existing reinforced concrete bridge elements /, 2009.
